Roblox Games - Statistics

General Stats
  • This quiz has been taken 39 times
  • The average score is 6 of 15
Answer Stats
Game Description Game % Correct
Become a pizza employee and work Work at a Pizza Place
86%
Go to the top of the tower in a rage-inducing obstacle course Tower of Hell
79%
Play a variety of minigames with other players and get prizes when you win a minigame Epic Minigames
76%
Survive a variety of Natural Disasters on a small island Natural Disaster Survival
72%
A purge began and robbers attack your family in your new house Break In
62%
A beast has been released in a dark facility. hack computers to open an exit to win Flee the Facility
62%
Live in a prison as a prisoner, Pursuit and watch over the prisoners as a guard, escape and become a criminal Prison Life
41%
Use the catalog to get gear and fight players in a giant arena Catalog Heaven
24%
Bake cakes and feed them to the giant noob or roleplay and have fun Make a Cake
24%
Open Lucky Blocks and get gear and fight players in a flat arena Lucky Block Battlegrounds
14%
Build your own pizzeria in a tycoon Pizza Factory Tycoon
14%
A giant red wall with a random face will crush you if you don't hide in a hole in a wall Crushed by a Speeding Wall
7%
Work at the Krusty Krab and fight robbers trying to steal the secret formula Fast Food Simulator
7%
Rob a bank and become rich at a paradise island where the police can never find you Rob the Bank Obby
3%
Survive the monsters released in the school of Baldi's Basics In Education and Learning The Scary School
0%
No matching quizzes found
Score Distribution
Percent of People with Each Score
Percentile by Number Answered
Your Score History
You have not taken this quiz